Les expressions en français pour dire "je m'en fous" - Statistiques

Statistiques générales
  • Ce quiz a été pris 51 fois
  • Le résultat moyen est 7 sur 25
Statistiques - réponses
Indice Expression % Correct
Manière grossière de le dire Je m'en bats les couilles
81%
Manière de le dire qui renvoie à une activité solitaireliée au plaisir Je m'en branle
65%
Manière juste un peu plus soutenue de le dire Je m'en fiche
58%
L'expression concernée par ce quiz Je m'en fous
58%
Manière de suggérer qu'on se fait violence à soi-même Je m'en tape/Je m'en cogne
51%
Belle expression qui souligne la grâce d'un des membres inférieurs Ca me fait une belle jambe
37%
Renvoie à jeu d'enfants, ou à un des 12 signesdu zodiaque Je m'en balance
37%
La personne n'a aucun intérêt pour la chose, mais grossière celle-là J'en ai rien à foutre
37%
Pour dire que c'est vraiment le moins gravede ses problèmes C'est le cadet de mes soucis
33%
Suggère qu'on frappe une viande Je m'en bas les steaks
30%
On s'essuie le postérieur, littéralement Je m'en torche
28%
La personne n'a aucun intérêt pour la chose, la classique J'en ai rien à faire
28%
Chanson de Fatal Bazooka qui est devenu une manière de dire ça aussi Parle à ma main
26%
Expression qui ajoute une date Je m'en moque comme de l'an 40
23%
Cette expression est claire, elle renvoie directementaux parties intimes masculines Ça m'en touche une sans faire bouger l'autre
19%
Suggère qu'on frappe une partie de son corpsqui sert dans l'appareil urinaire Je m'en bats les reins
16%
Reprise de la manière juste un peu plus soutenue dedire l'expression concernée par ce quiz, mais en rajoutant un préfixe Je m'en contrefiche
16%
La personne n'a aucun intérêt pour la chose, mais en plus ne veut pas faire le ménage J'en ai rien à cirer
16%
Jolie manière de le dire, qui dit qu'on consulterasa monture avant toute décision J'en parlerai à mon cheval
16%
Initiales de l'expression concernée par ce quiz,qui est devenu une manière de le dire OSEF
16%
On pourrait aussi dire que la personne est tiède,dans le même registre Ca ne me fait ni chaud ni froid
14%
Expression désuète qui associe la validationd'un ticket de train à un vieux synonyme de postérieur Je m'en tamponne le coquillard
12%
Expression qui introduit une notion d'algèbrede résultat Ca m'est égal
9%
La personne n'a aucun intérêt pour la chose, mais en plus ne veut pas être violente J'en ai rien à battre
5%
La personne n'a aucun intérêt pour la chose, mais en plus ne veut pas faire violence à un arbre J'en ai rien à secouer
2%
Aucun quiz correspondant
Distribution des résultats
% des personnes avec chaque résultat
Percentile par nombre de réponses
Votre historique - résultats
Vous n’avez pas pris ce quiz